<?xml version="1.0" encoding="UTF-8"?>
<record
    xmlns:xsi="http://www.w3.org/2001/XMLSchema-instance"
    xsi:schemaLocation="http://www.loc.gov/MARC21/slim http://www.loc.gov/standards/marcxml/schema/MARC21slim.xsd"
    xmlns="http://www.loc.gov/MARC21/slim">

  <leader>00431nam a22001097a 4500</leader>
  <datafield tag="040" ind1=" " ind2=" ">
    <subfield code="c">RUA</subfield>
  </datafield>
  <datafield tag="082" ind1=" " ind2=" ">
    <subfield code="a">FAO FFP 2011 C011 Or.</subfield>
  </datafield>
  <datafield tag="245" ind1=" " ind2=" ">
    <subfield code="a">&#x179F;&#x17C0;&#x179C;&#x1797;&#x17C5;&#x1795;&#x17D2;&#x179F;&#x1796;&#x17D2;&#x179C;&#x1795;&#x17D2;&#x179F;&#x17B6;&#x1799;&#x179F;&#x17D2;&#x178F;&#x17B8;&#x1796;&#x17B8;&#x179F;&#x17B6;&#x179A;&#x17C8;&#x1794;&#x17D2;&#x179A;&#x1799;&#x17C4;&#x1787;&#x1793;&#x17D0;&#x179F;&#x178F;&#x17D2;&#x179C;&#x1794;&#x17D2;&#x179B;&#x1784;&#x17CB;&#x17CB;&#x178F;&#x17BB;&#x1784;&#x179F;&#x1798;&#x17D2;&#x179A;&#x17B6;&#x1794;&#x17CB;&#x1780;&#x17B6;&#x179A;&#x1794;&#x17C6;&#x1794;&#x17C9;&#x1793;&#x1780;&#x17BC;&#x1793;&#x178F;&#x17D2;&#x179A;&#x17B8;</subfield>
  </datafield>
  <datafield tag="260" ind1=" " ind2=" ">
    <subfield code="a">phnom penh</subfield>
    <subfield code="b">rua</subfield>
    <subfield code="c">2011</subfield>
  </datafield>
  <datafield tag="300" ind1=" " ind2=" ">
    <subfield code="a">v.13p.</subfield>
    <subfield code="b">ill.</subfield>
    <subfield code="c">29cm.</subfield>
  </datafield>
  <datafield tag="942" ind1=" " ind2=" ">
    <subfield code="c">REC</subfield>
  </datafield>
  <datafield tag="999" ind1=" " ind2=" ">
    <subfield code="c">22153</subfield>
    <subfield code="d">22153</subfield>
  </datafield>
  <datafield tag="952" ind1=" " ind2=" ">
    <subfield code="0">0</subfield>
    <subfield code="1">0</subfield>
    <subfield code="4">0</subfield>
    <subfield code="6">FAO_FFP_2011_000000000000000_C011_OR</subfield>
    <subfield code="7">0</subfield>
    <subfield code="9">96420</subfield>
    <subfield code="a">LBC</subfield>
    <subfield code="b">LBC</subfield>
    <subfield code="c">C011</subfield>
    <subfield code="d">2023-11-08</subfield>
    <subfield code="o">FAO FFP 2011 C011 Or.</subfield>
    <subfield code="p">a073629</subfield>
    <subfield code="r">2023-11-08</subfield>
    <subfield code="w">2023-11-08</subfield>
    <subfield code="y">REC</subfield>
  </datafield>
</record>
